00526pab a2200157 454500008003600000100001700036245006500053362003300118650004100151650003200192650002300224773001800247909001000265999001700275952007600292180718b xxu||||| |||| 00| 0 eng d aIqbal Narain aPolitical parties, elections and panchayati raj institutions a38(4), Oct-Dec 1993, p.31-37 a Panchayati Raj Institution -- India a Political Parties -- India aElections -- India aAdministrator a26699 c26699d26699 00104070aIIPAbIIPAd2018-07-19pAR26801r2018-07-19w2018-07-19yAR